Vytápění : všeobecné poznatky o vytápění a zevrubný rozbor všech vytápěcích soustav /

Main Author: Maksimov, Georgij Aleksejevič
Other Authors: Orlov, Aleksandr Ivanovič
Language: Czech
Published: Praha : Práce, 1952
Edition: 1. vydání
Series: Technické příručky Práce
Physical Description: 293 stran
Book
Saved in:
LEADER 01102nam a22003252i 4500
001 001473328
003 CZ BrMZK
005 20151022091146.0
007 ta
008 150601s1952 xr er|||||||||||cze d
015 |a cnb000505528 
035 |a (OCoLC)85309335 
040 |a LIA001  |b cze  |d BOA001  |e rda 
080 9 |a 697 
100 1 |a Maksimov, Georgij Aleksejevič  |7 xx0092886  |4 aut 
245 1 0 |a Vytápění :  |b všeobecné poznatky o vytápění a zevrubný rozbor všech vytápěcích soustav /  |c A.A. Maximov a A.J. Orlov 
250 |a 1. vydání 
264 1 |a Praha :  |b Práce,  |c 1952 
300 |a 293 stran 
336 |a text  |b txt  |2 rdacontent 
337 |a bez média  |b n  |2 rdamedia 
338 |a svazek  |b nc  |2 rdacarrier 
490 1 |a Technické příručky Práce ;  |v svazek 75 
650 0 7 |a vytápění  |7 ph116650  |2 czenas 
700 1 |a Orlov, Aleksandr Ivanovič  |7 xx0092885  |4 aut 
830 0 |a Technické příručky Práce  |0 s 
910 |a BOA001  |b 2-0287.708 
990 |a BK 
991 |b 201505 
996 6 |b 2618859550  |c 2-0287.708  |l MZK  |r Sklad / do 24 hodin  |n 0  |w 001508364  |u 000010  |a 1  |e BOA001  |j MZK50  |s P